[Event "Region_73_A_2025"]
[Site "Ulyanovsk"]
[Date "2025.01.08"]
[Round "7.3"]
[White "Beldyugin, Alexey"]
[Black "Tuturin, Sergey"]
[Result "1-0"]
[WhiteElo "2186"]
[BlackElo "2181"]
[PlyCount "105"]
[EventDate "2025.01.04"]

1. Nf3 f5 2. g3 Nf6 3. Bg2 g6 4. O-O Bg7 5. d3 d6 6. Nc3 O-O 7. e4 e5 8. exf5
Bxf5 9. Bg5 Qd7 10. Qd2 Bh3 11. Rae1 Bxg2 12. Kxg2 Qc6 13. Ne4 Nbd7 14. Qc3
Nxe4 15. Qxc6 bxc6 16. dxe4 Nc5 17. Nd2 a5 18. Be3 Ne6 19. a4 Rfb8 20. b3 d5
21. f3 Bf8 22. Rd1 Bc5 23. Bxc5 Nxc5 24. Rfe1 Re8 25. Nf1 Rad8 26. exd5 cxd5
27. Ne3 c6 28. Ng4 Nd7 29. Re2 h5 30. Nf2 Kf7 31. Nd3 Kf6 32. b4 Ra8 33. Ra1
Nb6 34. f4 e4 35. Ne5 axb4 36. a5 Nc4 37. Nxc6 Ke6 38. a6 Kd6 39. Nxb4 d4 40.
a7 Re7 41. Ra6+ Kc5 42. Nc6 Re6 43. Nb8 Rxa6 44. Nxa6+ Kb6 45. Nb4 e3 46. c3
Kb5 47. Ra2 Na5 48. Nd5 Rxa7 49. cxd4 Kc4 50. Nxe3+ Kxd4 51. Kf3 Nc6 52. Rd2+
Kc3 53. Rc2+ 1-0